UML Components : A Simple Process for Specifying Component-Based Software /
Contenido: Sistemas de componentes; El proceso de desarrollo; Utilización de UML; Definición de requerimientos; Identificación de componentes; Interacción de componentes; Especificación de componentes; Aprovisionamiento y ensamblaje.
Guardat en:
| Autor principal: | |
|---|---|
| Altres autors: | |
| Format: | Llibre |
| Idioma: | anglès |
| Publicat: |
Boston, EUA :
Addison-Wesley,
2001, c2001
|
| Col·lecció: | (Component Software Series)
|
| Matèries: | |
| Etiquetes: |
Sense etiquetes, Sigues el primer a etiquetar aquest registre!
|
MARC
| LEADER | 00000nam^a2200000^a^4500 | ||
|---|---|---|---|
| 001 | 000175318 | ||
| 005 | 20250521000000.0 | ||
| 009 | 20260310101601.665 | ||
| 020 | |a 0-201-70851-5 | ||
| 037 | |a Acervo ITESO - Biblioteca | ||
| 041 | |a ING | ||
| 082 | |a 005. 133 |b CHE | ||
| 100 | |a Cheesman, John |e (autor) | ||
| 245 | 1 | 0 | |a UML Components : |b A Simple Process for Specifying Component-Based Software / |c J. Cheesman, J. Daniels ; pról. de Clemens Szyperski. |
| 264 | 4 | |a Boston, EUA : |b Addison-Wesley, |c 2001, c2001 | |
| 300 | |a XVIII, 176 p. | ||
| 336 | |a texto |b txt |2 rdacontenido | ||
| 337 | |a sin mediación |b n |2 rdamedio | ||
| 338 | |a volumen |b nc |2 rdasoporte | ||
| 440 | 1 | |a (Component Software Series) | |
| 520 | |a Contenido: Sistemas de componentes; El proceso de desarrollo; Utilización de UML; Definición de requerimientos; Identificación de componentes; Interacción de componentes; Especificación de componentes; Aprovisionamiento y ensamblaje. | ||
| 649 | |a XX | ||
| 650 | |a Lenguajes de Modelado Visual | ||
| 650 | |a Lenguajes de Programación | ||
| 650 | |a Programación Orientada a Objetos | ||
| 650 | |a Programación (Software) | ||
| 650 | |a Desarrollo de Sistemas | ||
| 650 | |a Sistemas Computacionales | ||
| 650 | |a Ingeniería Computacional | ||
| 700 | |a Daniels, John |e (autor) | ||
| 910 | |a Fondo General | ||
| 920 | |a Impresos - Libros | ||
| 930 | |a Colección General | ||
| 905 | |a 101 | ||
| 901 | |a 0500113285 |b IT1 |c ACC |u 20250521 | ||
| 902 | |a https://opac.biblio.iteso.mx/vufind/Record/000175318 | ||